000 01520nam a2200325 i 4500
001 000028699
003 DO-SdBNP
005 20230927104500.0
007 ta
008 110411s1980 dr ad r 001 0 spa d
040 _aDO-SdBNP
_bspa
_cBNPHU
_erda
082 4 _a352.46
_bR426p
_222
110 1 _aRepública Dominicana.
_bSecretariado Técnico de la Presidencia.
_bOficina Nacional de Planificación.
_911062
245 1 0 _aPlan trienal de inversiones públicas 1980-1982.
264 _aSanto Domingo :
_bSecretariado Técnico de la Presidencia,
_c1980.
300 _a121 páginas :
_bilustraciones, mapas, tablas ;
_c20 cm.
336 _2rdacontent
_atexto
_btxt
337 _2rdamedia
_asin mediación
_bn
338 _2rdacarrier
_avolumen
_bnc
490 _aSerie Plandes
_v42
500 _aIncluye referencias bibliográficas y notas al pie de las páginas.
505 0 _aIntroducción
_tAspectos generales de la economía dominicana --
_tEfectos del Huracán David y la Tormenta Federico --
_tLineamientos y objetivos de la política económica gubernamental --
_tProyecciones macroeconómicas --
_tProgramación de proyectos del plan de inversiones --
_gAnexo: Resumen de los proyectos.
590 _aInventariado, 2018/BT
650 4 _aInversiones públicas
_xPlanificación
_932248
650 4 _aPlanificación económica
_96641
650 4 _aPlanificación estratégica
_92433
651 4 _aRepública Dominicana
_xPolítica económica
_9643
910 _aValidado. Control de calidad. EMS
942 _2ddc
_cLBS1
999 _c28191
_d28191